000 00562nam a2200229Ia 4500
003 OSt
005 20220918184147.0
006 a|||||r|||| 00| 0
007 ta
008 220917b |||||||| |||| 00| 0 eng d
024 _a45,012
037 _cTextual
040 _aARTS
_cARTS
_beng
041 _2eng
_aeng
082 _aO2u5:N3, J21
100 _aLamm M
_964775
245 0 _aModern drama tr by Karin Elliott
260 _c1952
650 _aENGLISH LITERATURE
942 _hO2u5:N3, J21
_cTEXL
_2CC
999 _c175401
_d175401